| 000 | 00618nam a22001937a 4500 | ||
|---|---|---|---|
| 999 |
_c8796 _d8796 |
||
| 003 | GBCCL | ||
| 005 | 20241126110658.0 | ||
| 008 | 211025b ||||| |||| 00| 0 eng d | ||
| 040 | _cGBC | ||
| 082 |
_a220.3 _bTOR |
||
| 100 |
_aTorrey, R A _99481 |
||
| 245 |
_aThe new topical textbook : _b20,000 topics and subtopics; 30,000 Bible references; aids to Christian living. / _cintroduction by R.A. Torrey. |
||
| 250 | _a"Special edition." | ||
| 260 |
_aMinneapolis : _bWorld Wide Publications, _c[1965?] |
||
| 300 |
_a318 p. ; _c20 cm. |
||
| 650 |
_aBible _v Indexes. _915464 |
||
| 650 |
_aBible. _95 |
||
| 942 |
_2ddc _cBK |
||